000 00638nam a2200253Ia 4500
001 11087
003 22176
005 20251003221001.0
008 ||||||n9999 ||| || ||
020 _a8433572040
041 _aspa
082 _220
_a711
100 _aJackson, J.N.
_918471
245 0 _aLa informacion y la planificacion territorial y urbana
260 _aEspaƱa :
_bEditorial Labor,
_c1973.
300 _a163p
490 _aBiblioteca universitaria Labor
_v31
562 _e6
650 0 _aPlanificación territorial
_918472
650 _aURBANISMO
_918473
942 _cBKM
942 _cBKM
999 _c11087
_d11087
526 _a10406